00540nam a22001697a 450000500170000001000150001702000260003203500140005803700130007208200100008510000170009524500630011226000410017527001040021630000310032050000190035120190711170543.0 aENG-125879 a9789353433697c679.00 aEN-109411 bDBAD/PUB a532.5 aMahesh Kumar aFluid mechanics and hydraulic machines /cby Mahesh Kumar aNoidabPearson India Educationc2019 a15th Floor, Tower-B World Trade Tower, Plot No. 1 Block- C, Sector-16bNoida, Uttar Pradeshe201301 avarious paging.c25cm(pbk) aIncludes index